书目信息 |
| 题名: |
国家级大学英语试题库考试大纲及样题
|
|
| 作者: | 《国家级大学英语试题库》项目组 | |
| 分册: | ||
| 出版信息: | 北京 高等教育出版社 1999.07 |
|
| 页数: | 102页 | |
| 开本: | 20cm | |
| 丛书名: | ||
| 单 册: | ||
| 中图分类: | H319.2 | |
| 科图分类: | ||
| 主题词: | 英语 | |
| 电子资源: | ||
| ISBN: | 7-04-007704-3 | |
| 000 | 00711nam0 2200193 45 | |
| 001 | 0235333844 | |
| 005 | 20050330154252.32 | |
| 010 | @a7-04-007704-3@dCNY 4.30 | |
| 100 | @a20020610d1999 km y0chiy0120 ea | |
| 101 | 0 | @achi |
| 102 | @aCN@b110000 | |
| 200 | 1 | @a国家级大学英语试题库考试大纲及样题@AGuo Jia Ji Da Xue Ying Yu Shi Ti Ku Kao Shi Da Gang Ji Yang Ti@f《国家级大学英语试题库》项目组@F《guo jia ji da xue ying yu shi ti ku》xiang mu zu |
| 210 | @a北京@c高等教育出版社@d1999.07 | |
| 215 | @a102页@d20cm | |
| 606 | 0 | @a英语 |
| 690 | @aH319.2@v3 | |
| 701 | 0 | @a《国家级大学英语试题库》项目组@A《guo jia ji da xue ying yu shi ti ku》xiang mu zu |
| 801 | 0 | @aCN@bPFT@c20050330 |
| 905 | @a安徽大学@dH319.2@eG110 | |
| 国家级大学英语试题库考试大纲及样题/《国家级大学英语试题库》项目组.-北京:高等教育出版社,1999.07 |
| 102页;20cm |
| ISBN 7-04-007704-3:CNY 4.30 |
| ● |
| 相关链接 |
|
|
|
正题名:国家级大学英语试题库考试大纲及样题
索取号:H319.2/G110
 
预约/预借
| 序号 | 登录号 | 条形码 | 馆藏地/架位号 | 状态 | 备注 |
| 1 | 361951 | 203619511 | 社科二线400B/209语言库 37排4列4层/ [索取号:H319.2/G110] | 在馆 | |
| 2 | 361952 | 203619520 | 社科二线400B/209语言库 42排2列6层/ [索取号:H319.2/G110] | 在馆 | |
| 3 | 361953 | 203619539 | 社科二线400B/400B社科库 10排3列6层/ [索取号:H319.2/G110] | 在馆 | |
| 4 | 439974 | 204399748 | 社科二线400B/400B社科库 10排3列6层/ [索取号:H319.2/G110] | 在馆 | |
| 5 | 439975 | 204399757 | 语言库209/209语言库 42排2列6层/ [索取号:H319.2/G110] | 在馆 | |
| 6 | 439976 | 204399766 | 社科二线400B/400B社科库 10排3列6层/ [索取号:H319.2/G110] | 在馆 | |
| 7 | 439977 | 204399775 | 社科二线400B/400B社科库 12排4列1层/ [索取号:H319.2/G110] | 在馆 | |
| 8 | 439978 | 204399784 | 语言库209/209语言库 42排2列6层/ [索取号:H319.2/G110] | 在馆 |